[Event "GER-ch U10 Girls"]
[White "Naz Oeksuez, Meryem"]
[Black "Fahim, Lina"]
[Site "Willingen"]
[Round "9"]
[Result "1-0"]
[Date "2024.05.24"]
[WhiteElo "1154"]
[BlackElo "744"]
[PlyCount "37"]
[EventDate "2024.05.19"]
[EventType "swiss"]
[EventRounds "11"]
[EventCountry "GER"]
[SourceTitle "CBM 220 Extra"]
[Source "ChessBase"]
[SourceDate "2024.07.31"]
[SourceVersion "1"]
[SourceVersionDate "2024.07.31"]
[SourceQuality "1"]

1. e4 e5 2. Nf3 Nc6 3. Bc4 Bc5 4. 0-0 d6 5. c3 Nf6 6. d4 exd4 7. cxd4 Bb6 8. Bg5 0-0 9. Nc3 Bg4 10. h3 Bh5 11. Be2 h6 12. Bh4 Ba5 13. Nd5 Qc8 14. Bxf6 gxf6 15. Nxf6+ Kh8 16. Nxh5 Ne7 17. Qc1 Ng6 18. Qxh6+ Kg8 19. Qg7# 1-0

[Event "GER-ch U10 Girls"]
[White "He, Siqi"]
[Black "Fahim, Lina"]
[Site "Willingen"]
[Round "6"]
[Result "1-0"]
[Date "2024.05.22"]
[WhiteElo "907"]
[BlackElo "744"]
[PlyCount "105"]
[EventDate "2024.05.19"]
[EventType "swiss"]
[EventRounds "11"]
[EventCountry "GER"]
[SourceTitle "CBM 220 Extra"]
[Source "ChessBase"]
[SourceDate "2024.07.31"]
[SourceVersion "1"]
[SourceVersionDate "2024.07.31"]
[SourceQuality "1"]

1. e4 e5 2. Nf3 Nc6 3. Bc4 Bc5 4. d3 Nf6 5. 0-0 0-0 6. c3 d6 7. Nbd2 Bg4 8. Re1 Qd7 9. b4 Bb6 10. Nf1 a5 11. b5 Nb8 12. Bg5 Qe7 13. h3 Bh5 14. Ng3 Bg6 15. Nh4 Bh5 16. Nxh5 Re8 17. Qf3 Nbd7 18. Bxf6 Nxf6 19. Nxf6+ Qxf6 20. Qxf6 gxf6 21. Rad1 Kh8 22. d4 a4 23. Bxf7 Rf8 24. Bd5 Ra5 25. Bxb7 Rg8 26. dxe5 fxe5 27. Bd5 Rg7 28. Bc6 Rf7 29. Re2 Rf4 30. g3 a3 31. gxf4 exf4 32. Kf1 Ra4 33. f3 Rc4 34. Rc1 Rc5 35. c4 Rh5 36. Nf5 Rxh3 37. Kg2 Rh5 38. Be8 Rg5+ 39. Kh1 Kg8 40. Rc3 Rg1+ 41. Kh2 Ba5 42. Kxg1 Bxc3 43. Rg2+ Kf8 44. Rc2 Bb4 45. Rh2 Kxe8 46. Rxh7 Bc5+ 47. Kf1 Kf8 48. Rxc7 Bb6 49. Rc6 Ba5 50. b6 Kf7 51. b7 Ke6 52. b8Q Ke5 53. Qxd6# 1-0

[Event "GER-ch U10 Girls"]
[White "Sniegowski, Amalia"]
[Black "Fahim, Lina"]
[Site "Willingen"]
[Round "2"]
[Result "1-0"]
[Date "2024.05.19"]
[WhiteElo "998"]
[BlackElo "744"]
[PlyCount "39"]
[EventDate "2024.05.19"]
[EventType "swiss"]
[EventRounds "11"]
[EventCountry "GER"]
[SourceTitle "CBM 220 Extra"]
[Source "ChessBase"]
[SourceDate "2024.07.31"]
[SourceVersion "1"]
[SourceVersionDate "2024.07.31"]
[SourceQuality "1"]

1. e4 e5 2. Nf3 Nc6 3. Bc4 Bc5 4. d4 exd4 5. Ng5 Nf6 6. Nxf7 Qe7 7. Nxh8 Na5 8. Be2 Bb4+ 9. c3 dxc3 10. Nxc3 d6 11. 0-0 Bg4 12. Bxg4 h5 13. Bh3 Bc5 14. Re1 g5 15. e5 Nd7 16. exd6 cxd6 17. Rxe7+ Kxe7 18. Bxg5+ Ke8 19. Qxh5+ Kf8 20. Qf7# 1-0